| 000 | 01021nas a2200337 4500 | ||
|---|---|---|---|
| 001 | BR2011004117 | ||
| 003 | BR-BrBNA | ||
| 005 | 20231205115443.0 | ||
| 007 | ta | ||
| 008 | 230509b bl.|||p| |||| 00| 00por d | ||
| 040 |
_aBR-BrBNA _bpor _cBiblioteca Nacional de Agricultura |
||
| 072 | _aL73 | ||
| 100 | 1 | _aMarvulo, M.F.V. | |
| 100 | 1 | _aFerreira, F. | |
| 100 | 1 | _aDias, R.A. | |
| 100 | 1 | _aAmaku, M. | |
| 100 | 1 | _aGroff, A.C.M. | |
| 100 | 1 | _aGonçalves, V.S.P. | |
| 100 | 1 | _aFigueiredo, V.C.F. | |
| 100 | 1 | _aLôbo, J.R. | |
| 100 | 1 | _aFerreira Neto, J.S. | |
| 245 | 1 | _aSituação epidemiológica da brucelose bovina no Estado do Rio Grande do Sul | |
| 650 | _aBRUCELOSE | ||
| 650 | _aRIO GRANDE DO SUL | ||
| 650 | _aBOVINO | ||
| 650 | _aEPIDEMIOLOGIA | ||
| 650 | _aFATOR DE RISCO | ||
| 773 | 0 |
_tArquivo Brasileiro de Medicina Veterinária e Zootecnia (Brazil) _xISSN 0102-0935 _g(2009), v. 61(suppl. 1) p. 93-102 _wBR2011004117 |
|
| 909 |
_a202311 _bLúcia _c55 _dLúcia Elande |
||
| 942 |
_2AGRIS _n0 _cANA |
||
| 999 |
_c213890 _d213890 |
||